[Event "Challenge"]
[Site "http://www.queenalice.com/game.php?id=704427"]
[Date "2009.12.27"]
[Round "-"]
[White "Davidziak95"]
[Black "GEORGESILVA"]
[Result "1-0"]
[WhiteElo "2087"]
[BlackElo "2189"]

1. e4 c5 2. Nf3 d6 3. Nc3 a6 4. d4 cxd4 5. Nxd4 e5 6. Nf3 Nf6 7. Bc4 Be7 8. O-O
O-O 9. Be3 Bg4 10. h3 Bh5 11. g4 Bg6 12. Nh4 Bxe4 13. g5 Bc6 14. gxf6 Bxf6 15.
Nf5 Bd7 16. Nxd6 Bxh3 17. Nxf7 Rxf7 18. Bxf7+ Kxf7 19. Qh5+ Kg8 20. Qxh3 Nc6 21.
Qe6+ Kh8 22. Rad1 Qa5 23. Rd7 Nd4 24. Bxd4 exd4 25. Nd5 Qxa2 26. Re1 Rf8 27. Qf7
1-0

[Event "Let's Play Chess!"]
[Site "http://www.queenalice.com/game.php?id=708553"]
[Date "2010.1.5"]
[Round "-"]
[White "Davidziak95"]
[Black "drd123"]
[Result "1-0"]
[WhiteElo "2073"]
[BlackElo "2035"]

1. d4 Nf6 2. Bf4 d6 3. Nc3 g6 4. e4 Bg7 5. Nf3 O-O 6. Be2 Bg4 7. O-O Nfd7 8. Qd2
Nc6 9. d5 Nce5 10. Nxe5 Bxe2 11. Nxd7 Bxf1 12. Nxf8 Ba6 13. Nxg6 fxg6 14. Bh6
Qf8 15. Bxg7 Qxg7 16. Re1 Rf8 17. Qe3 b6 18. e5 Qf7 19. f3 Bb7 20. Qg5 Kg7 21.
exd6 h6 22. Qe5+ Kg8 23. d7 Rd8 24. Qxc7 1-0

[Event "Challenge"]
[Site "http://www.queenalice.com/game.php?id=709994"]
[Date "2010.1.7"]
[Round "-"]
[White "Davidziak95"]
[Black "KLEOJ"]
[Result "1-0"]
[WhiteElo "2105"]
[BlackElo "2124"]

1. f4 Nc6 2. e4 d5 3. exd5 Qxd5 4. Nc3 Qa5 5. Nf3 Nf6 6. d4 Bg4 7. Bb5 a6 8.
Bxc6+ bxc6 9. O-O e6 10. h3 Bh5 11. g4 Bg6 12. f5 exf5 13. Qe2+ Be7 14. Bg5 Qb4
15. Rae1 Ne4 16. gxf5 Nxg5 17. Nxg5 Qxd4+ 18. Kh1 O-O 19. Qxe7 Bh5 20. Nge4 f6
21. Qxc7 Rab8 22. b3 Rbc8 23. Qa5 c5 24. Qxa6 c4 25. Qd6 Qa7 26. Nd5 Rcd8 27.
Ndxf6+ gxf6 28. Nxf6+ Kh8 29. Qe5 Rde8 30. Nxe8+ 1-0

[Event "Let's Play Chess!"]
[Site "http://www.queenalice.com/game.php?id=723277"]
[Date "2010.2.1"]
[Round "-"]
[White "Lunog"]
[Black "Davidziak95"]
[Result "0-1"]
[WhiteElo "1983"]
[BlackElo "2166"]

1. d4 Nf6 2. c4 e6 3. Nf3 d5 4. a3 Bd6 5. Nc3 O-O 6. Bg5 Nbd7 7. e3 h6 8. Bh4 c5
9. cxd5 exd5 10. Bd3 c4 11. Bc2 Nb6 12. O-O Re8 13. Nb5 Bb8 14. Re1 Bg4 15. h3
Bd7 16. Nc3 Bc7 17. Rc1 Rc8 18. e4 Bf4 19. Rb1 g5 20. e5 gxh4 21. exf6 Rxe1+ 22.
Nxe1 Qxf6 23. Ne2 Bc7 24. Qd2 Re8 25. b3 Qg5 26. Qxg5+ hxg5 27. Kf1 Bd6 28. b4
g4 29. hxg4 Bxg4 30. Bd1 h3 31. gxh3 Bxh3+ 32. Kg1 Kh8 33. Nf3 Rg8+ 34. Ng3 Bf4
35. Kh2 Bf5 36. Ra1 Rg7 37. Kg2 Be4 38. a4 c3 39. a5 Nc4 40. Ra2 Bxg3 41. fxg3
Ne3+ 0-1

[Event "Let's Play Chess!"]
[Site "http://www.queenalice.com/game.php?id=732791"]
[Date "2010.2.17"]
[Round "-"]
[White "Davidziak95"]
[Black "JDZ"]
[Result "0-1"]
[WhiteElo "2176"]
[BlackElo "2415"]

1. e4 c5 2. Nf3 d6 3. Nc3 e6 4. d4 cxd4 5. Nxd4 Nf6 6. Be3 a6 7. Bd3 b5 8. O-O
Bb7 9. Qd2 Nbd7 10. Nb3 Be7 11. a4 b4 12. Na2 d5 13. Nxb4 dxe4 14. Be2 Qc7 15.
Rfd1 O-O 16. Na5 Rfd8 17. Nxb7 Qxb7 18. Nxa6 Rxa6 19. Bxa6 Qxa6 20. b3 Nd5 21.
Bd4 f5 22. c4 Nb4 23. Bc3 Nd3 24. Qe3 Nf6 25. a5 Rb8 26. Bxf6 Bxf6 27. Rab1 Qxa5
28. Rxd3 exd3 29. Qxe6+ Kh8 30. b4 Qa2 31. Re1 h6 32. b5 d2 33. Rd1 Qc2 34. Qe2
Ra8 35. g4 Ra1 36. Rxa1 Bxa1 37. Kg2 Qe4+ 0-1

[Event "Let's Play Chess!"]
[Site "http://www.queenalice.com/game.php?id=732792"]
[Date "2010.2.17"]
[Round "-"]
[White "danbots5k"]
[Black "Davidziak95"]
[Result "0-1"]
[WhiteElo "2253"]
[BlackElo "2182"]

1. f4 Nf6 2. Nc3 d5 3. d4 Bf5 4. Nf3 Nc6 5. a3 e6 6. e3 Bd6 7. Be2 O-O 8. O-O a6
9. Ne5 Ne4 10. Nxe4 Bxe4 11. b4 Nxe5 12. fxe5 Be7 13. Bf3 Bxf3 14. gxf3 f6 15.
f4 fxe5 16. dxe5 c5 17. c3 Rc8 18. Qd3 Qe8 19. Ra2 a5 20. e4 cxb4 21. cxb4 axb4
22. exd5 Rc3 23. Qe4 Bc5+ 24. Kh1 bxa3 25. Rg2 Qb5 26. Re1 Qb3 27. dxe6 Rc4 28.
Qe2 Ra4 29. Qa2 Qxa2 30. Rxa2 b5 31. Rf1 b4 32. Rf3 Ra6 33. Kg2 Rxe6 34. Rb3 g6
35. Bd2 Rb6 36. h4 Kf7 37. Kf3 Ke6 38. Ke4 Rd8 39. Be3 Bxe3 40. Kxe3 Ra8 41. Ke4
Ra4 42. h5 Rc6 43. hxg6 hxg6 44. Kd4 Rc1 45. Ke4 Rc4+ 46. Ke3 Kf5 47. Rb1 Rxf4
48. Kd3 b3 0-1

[Event "Challenge World Game #228"]
[Site "http://www.queenalice.com/game.php?id=734144"]
[Date "2010.2.19"]
[Round "-"]
[White "Davidziak95"]
[Black "Aylton"]
[Result "1-0"]
[WhiteElo "2161"]
[BlackElo "1937"]

1. e4 c5 2. Nf3 Nc6 3. d4 cxd4 4. Nxd4 e5 5. Nxc6 bxc6 6. Nc3 Nf6 7. Qf3 Be7 8.
Qg3 Qa5 9. Bd2 g6 10. Bc4 d6 11. O-O Qc7 12. Rfe1 O-O 13. Bh6 Rd8 14. b3 Bf8 15.
Bg5 Bg7 16. Qh4 Qe7 17. Rad1 Be6 18. Rd3 Bxc4 19. bxc4 Qe6 20. Rf3 h6 21. Bxf6
g5 22. Bxg5 hxg5 23. Qxg5 f6 24. Qg6 Qxc4 25. Rh3 Qf7 26. Rh8+ Kxh8 27. Qxf7 Rf8
28. Qe6 Rfd8 29. Re3 Kh7 30. Qf7 1-0

[Event "Let's Play Chess!"]
[Site "http://www.queenalice.com/game.php?id=735513"]
[Date "2010.2.21"]
[Round "-"]
[White "Davidziak95"]
[Black "Pumuckel"]
[Result "0-1"]
[WhiteElo "2185"]
[BlackElo "2301"]

1. Nf3 Nf6 2. d4 e6 3. Bf4 d5 4. e3 Bd6 5. Bxd6 Qxd6 6. Nc3 O-O 7. Bd3 Nc6 8.
Bb5 Ne4 9. Nxe4 dxe4 10. Nd2 e5 11. O-O Qg6 12. Bxc6 bxc6 13. f3 exd4 14. exd4
e3 15. Ne4 f5 16. Nc5 f4 17. c3 Rb8 18. Qe2 Rf5 19. Rfd1 Rh5 20. Ne4 Bf5 21.
Rac1 Re8 22. Rf1 Re6 23. Qc4 Qh6 24. h3 Bxh3 25. Ng5 Bg4 26. Nh3 Bxh3 27. Rf2
exf2+ 28. Kxf2 Rg5 29. g3 fxg3+ 30. Kg1 Bf5 31. Qxe6+ Qxe6 32. Rf1 Qe3+ 0-1

[Event "Let's Play Chess!"]
[Site "http://www.queenalice.com/game.php?id=747069"]
[Date "2010.3.17"]
[Round "-"]
[White "Davidziak95"]
[Black "BEBADO"]
[Result "1-0"]
[WhiteElo "2195"]
[BlackElo "2173"]

1. Nf3 Nf6 2. Nc3 c5 3. e4 Nc6 4. Bb5 d6 5. d4 cxd4 6. Nxd4 Bd7 7. O-O a6 8.
Nxc6 bxc6 9. Bc4 g6 10. Qe2 Bg7 11. Bf4 Nh5 12. Be3 O-O 13. Bxa6 Qa5 14. Bc4
Bxc3 15. bxc3 Qxc3 16. Bd2 Qxc2 17. Rfc1 Qa4 18. Rab1 Rab8 19. Bb3 Qa7 20. Qf3
Ng7 21. g3 Be6 22. Rxc6 Bxb3 23. axb3 Ne6 24. Qd3 Nc5 25. Be3 Nxd3 26. Bxa7 Rb4
27. Rc3 Ne5 28. f4 Ng4 29. Rc4 Rb7 30. Bd4 e5 31. h3 Nf6 32. Bc3 Nd7 33. Bb4
Rfb8 34. Bxd6 Rxb3 35. Rxb3 Rxb3 36. Rc8+ Kg7 37. Rc7 Rxg3+ 38. Kh2 exf4 39.
Rxd7 Re3 40. Be5+ Kf8 41. Rd4 f5 42. Bd6+ Kf7 43. exf5 f3 44. fxg6+ hxg6 45. h4
Kg7 46. Kg3 Rb3 47. Rf4 Rd3 48. Be7 Kh6 49. Rxf3 1-0

[Event "Let's Play Chess!"]
[Site "http://www.queenalice.com/game.php?id=749164"]
[Date "2010.3.20"]
[Round "-"]
[White "Davidziak95"]
[Black "Gil"]
[Result "1-0"]
[WhiteElo "2171"]
[BlackElo "2146"]

1. Nf3 d5 2. d4 Nc6 3. Bf4 g6 4. Nc3 Bg7 5. Nb5 Kd7 6. Nxc7 e5 7. Nxe5+ Nxe5 8.
Nxa8 b6 9. dxe5 Bb7 10. c4 Qxa8 11. cxd5 Bxd5 12. e4 1-0

[Event "Let's Play Chess!"]
[Site "http://www.queenalice.com/game.php?id=753763"]
[Date "2010.4.1"]
[Round "-"]
[White "Davidziak95"]
[Black "beckhamf2000"]
[Result "1-0"]
[WhiteElo "2226"]
[BlackElo "2471"]

1. e4 c5 2. Nf3 Nc6 3. d4 cxd4 4. Nxd4 Nf6 5. Nc3 e5 6. Nxc6 bxc6 7. Qf3 Bb4 8.
a3 Bxc3+ 9. Qxc3 O-O 10. Bd3 d5 11. exd5 cxd5 12. O-O Re8 13. Re1 d4 14. Qc5 Be6
15. Bd2 Nd7 16. Qc6 Rc8 17. Qf3 g6 18. Qb7 Nc5 19. Qxa7 Nxd3 20. cxd3 Rc2 21.
Bb4 Qf6 22. Rf1 Rec8 23. Qa4 Qg5 24. Qb5 Rxb2 25. Rae1 Bh3 26. Qd5 Rd8 27. Qf3
Be6 28. h4 Qf5 29. Qg3 Rb3 30. Rxe5 Rxd3 31. f3 Qf6 32. Re4 Rb3 33. Rd1 h5 34.
Qc7 Rd7 35. Qc8+ Kh7 36. Rde1 Qd8 37. Qc1 d3 38. Qd2 Qf6 39. Re5 Qxh4 40. R5e4
Qf6 41. Re5 Rc7 42. Qf2 Rc2 43. Qd4 Rbb2 44. Qxb2 Rxb2 45. Bc3 1-0

[Event "Let's Play Chess!"]
[Site "http://www.queenalice.com/game.php?id=753764"]
[Date "2010.4.1"]
[Round "-"]
[White "Davidziak95"]
[Black "beckhamf2000"]
[Result "1-0"]
[WhiteElo "2206"]
[BlackElo "2485"]

1. d4 Nf6 2. Bf4 e6 3. e3 d5 4. Nc3 Bd6 5. Nf3 Bxf4 6. exf4 O-O 7. Be2 b6 8. O-O
c5 9. Re1 Qe7 10. Qd2 Nc6 11. Bb5 Nxd4 12. Nxd4 cxd4 13. Qxd4 Qc5 14. Rad1 Bb7
15. f5 exf5 16. Re5 g6 17. Re3 Kg7 18. Qe5 a6 19. Bd7 Rad8 20. b4 Qxb4 21. Rb1
Qa5 22. Ba4 d4 23. Qxa5 bxa5 24. Re7 Bxg2 25. Ne2 Bf3 26. Nf4 Nd5 27. Nxd5 Bxd5
28. Rb6 Rb8 29. Rxb8 Rxb8 30. Bb3 d3 31. cxd3 Bxb3 32. axb3 Rxb3 33. Re5 a4 34.
Ra5 a3 35. d4 Kf6 36. Rxa6+ Ke7 37. Kf1 g5 38. d5 f4 39. Kg1 g4 40. Kf1 f3 41.
Ke1 Rb1+ 42. Kd2 Rb2+ 43. Ke3 a2 44. Kf4 1-0

[Event "For a Few Patzers More"]
[Site "http://www.queenalice.com/game.php?id=755942"]
[Date "2010.4.4"]
[Round "-"]
[White "Davidziak95"]
[Black "MisterTibs"]
[Result "1/2-1/2"]
[WhiteElo "2196"]
[BlackElo "2155"]

1. e4 e6 2. d4 d5 3. Nc3 dxe4 4. Nxe4 Nd7 5. Nf3 Ngf6 6. Bg5 Be7 7. Nxf6+ Nxf6
8. Bc4 h6 9. Bf4 c6 10. O-O O-O 11. c3 Nd5 12. Bg3 Bd6 13. Qc2 Bxg3 14. hxg3 Nf6
15. Rfe1 b6 16. Rad1 c5 17. dxc5 Qc7 18. c6 Qxc6 19. Ne5 Qc5 20. b4 Qc7 21. Qd3
Bb7 22. Qd4 Rad8 23. Qe3 Be4 24. Rxd8 Rxd8 25. Qf4 Bd5 26. Bb5 Qxc3 27. Rc1 Qa3
28. Rc7 Rf8 29. Qd2 Ne4 30. Qd4 Qxa2 31. Ng6 Rd8 32. Bd3 Nf6 33. Ne5 Rf8 34. b5
Qa3 35. f3 Ne8 36. Rd7 Nf6 37. Rc7 Qa2 38. Rc1 Qb3 39. Qa1 Qb4 40. Rc7 Qd2 41.
Kh1 Nh5 42. g4 Nf4 43. Bf1 Qf2 44. Kh2 Qh4+ 45. Kg1 Qg3 46. Rd7 Nh3+ 47. Kh1 Ng5
48. Be2 Rc8 49. Nc6 Bxc6 50. bxc6 Rxc6 51. Rxa7 Qf4 52. Ra8+ Kh7 53. Qb1+ g6 54.
Qd3 Rc1+ 55. Bd1 Qg3 56. Qd8 Qe1+ 57. Kh2 Qe5+ 58. f4 Qxf4+ 59. Kh1 Rxd1+ 60.
Qxd1 Ne4 61. Qf3 Qxf3 62. gxf3 Nc3 63. Kg2 Nd5 64. Rb8 Kg7 65. Kg3 Kf6 66. Rb7
e5 67. Rd7 Ke6 68. Rb7 f5 69. Rh7 fxg4 70. fxg4 h5 71. gxh5 gxh5 72. Rxh5 b5 73.
Kf3 Nc3 74. Ke3 Kd5 75. Rg5 Ne4 76. Rg1 Nd6 77. Rd1+ Kc6 78. Rc1+ Kd7 79. Kd3
Ke6 80. Rc5 b4 81. Ra5 b3 1/2-1/2

[Event "Let's Play Chess!"]
[Site "http://www.queenalice.com/game.php?id=767834"]
[Date "2010.5.1"]
[Round "-"]
[White "Davidziak95"]
[Black "rubensar"]
[Result "0-1"]
[WhiteElo "2250"]
[BlackElo "2091"]

1. e4 c5 2. Nf3 Nc6 3. d4 cxd4 4. Nxd4 e5 5. Nf3 Nf6 6. Qd3 Bc5 7. Nc3 Ng4 8.
Nd1 O-O 9. c3 d5 10. exd5 e4 11. Qc4 exf3 12. Qxc5 Re8+ 13. Be3 Nge5 14. Qb5 a6
15. Qb3 Na5 16. Qc2 Qxd5 17. g3 Nac4 18. Bxc4 Qxc4 19. b3 Qg4 20. h3 Qh5 21. Qe4
Bf5 22. Qh4 Nd3+ 23. Kf1 Qg6 24. Kg1 Re4 25. Qg5 Qe6 26. c4 f6 27. Qh5 Ne5 28.
g4 Nxg4 29. hxg4 Rxg4+ 30. Qxg4 Bxg4 31. Nc3 Bh3 32. Rh2 Qg4+ 33. Kh1 Bg2+ 34.
Kg1 Re8 35. Nd5 Re5 36. Bf4 Rxd5 37. cxd5 Qxf4 38. Rd1 Qg5 39. d6 h5 40. b4 Kf8
41. a3 h4 42. a4 Ke8 43. b5 Kd7 44. bxa6 bxa6 0-1

[Event "Melhor de 5"]
[Site "http://www.queenalice.com/game.php?id=769561"]
[Date "2010.5.2"]
[Round "-"]
[White "WilsonFerreira"]
[Black "Davidziak95"]
[Result "0-1"]
[WhiteElo "1915"]
[BlackElo "2242"]

1. e4 c5 2. Nf3 Nc6 3. d4 cxd4 4. Nxd4 e5 5. Nf5 d5 6. exd5 Bxf5 7. dxc6 Qxd1+
8. Kxd1 Rd8+ 9. Bd2 bxc6 10. Nc3 Bc5 11. Bd3 Bxd3 12. cxd3 Bxf2 13. Ne4 Bd4 14.
Rb1 Ne7 15. Ba5 Rd7 16. b3 f5 17. Ng5 e4 18. Ke2 exd3+ 19. Kd2 f4 20. Rhe1 Be3+
21. Kd1 Rd5 22. Bd2 Rxg5 23. Bxe3 fxe3 24. Rxe3 Rxg2 25. Rxd3 Rf8 26. Kc1 Rf1+
27. Rd1 Rff2 28. Rh1 Rc2+ 29. Kd1 Rgd2+ 30. Ke1 Nd5 0-1

[Event "Melhor de 5"]
[Site "http://www.queenalice.com/game.php?id=769562"]
[Date "2010.5.2"]
[Round "-"]
[White "Davidziak95"]
[Black "WilsonFerreira"]
[Result "1-0"]
[WhiteElo "2245"]
[BlackElo "2009"]

1. e4 c5 2. Nf3 e6 3. d4 cxd4 4. Nxd4 Nc6 5. Nc3 Bc5 6. Be3 e5 7. Nxc6 bxc6 8.
Bxc5 Ne7 9. Bc4 O-O 10. Bd6 Bb7 11. Qg4 Ng6 12. Bxf8 Qxf8 13. Qxd7 Rb8 14. Qc7
Nf4 15. O-O-O Ba8 16. Bxf7+ Kh8 17. Rd7 h6 18. Qxe5 Qb4 19. Rd6 1-0

[Event "Gold"]
[Site "http://www.queenalice.com/game.php?id=788043"]
[Date "2010.6.10"]
[Round "-"]
[White "Davidziak95"]
[Black "Cronos"]
[Result "1-0"]
[WhiteElo "2233"]
[BlackElo "1953"]

1. e4 c5 2. Nf3 d6 3. Nc3 e5 4. Bc4 h6 5. O-O Be7 6. d3 Nc6 7. Nd5 Bg4 8. c3 a6
9. Be3 Nf6 10. Qb3 b5 11. Nxf6+ Bxf6 12. Bxf7+ Kf8 13. Bd5 Na5 14. Qd1 Rc8 15.
a4 c4 16. axb5 axb5 17. h3 Bxf3 18. Qxf3 Nb3 19. Ra7 Rc7 20. Ra8 Rc8 21. Qh5 1-0

[Event "Let's Play Chess!"]
[Site "http://www.queenalice.com/game.php?id=798896"]
[Date "2010.7.11"]
[Round "-"]
[White "Davidziak95"]
[Black "mardav"]
[Result "0-1"]
[WhiteElo "2250"]
[BlackElo "2211"]

1. e4 e5 2. Nc3 Nf6 3. Nf3 Nc6 4. Bb5 Bc5 5. Nxe5 Nxe5 6. d4 Bd6 7. dxe5 Bxe5 8.
O-O c6 9. Bc4 O-O 10. Qd3 Re8 11. Be3 b5 12. Bb3 a5 13. Bd4 a4 14. Bxe5 Rxe5 15.
Qd4 d6 16. Bxf7+ Kxf7 17. f4 Rc5 18. e5 Ng4 19. exd6 Rc4 20. Qd3 Qb6+ 21. Kh1
Nf2+ 22. Rxf2 Qxf2 23. d7 Bxd7 24. Qxd7+ Kg8 25. Qe6+ Kh8 26. f5 a3 0-1

[Event "Whatever"]
[Site "http://www.queenalice.com/game.php?id=801277"]
[Date "2010.7.11"]
[Round "-"]
[White "Davidziak95"]
[Black "seveneleven92"]
[Result "1-0"]
[WhiteElo "2222"]
[BlackElo "2092"]

1. d4 d5 2. Bf4 Nf6 3. e3 Nc6 4. Nc3 e6 5. Nf3 h6 6. Bb5 Bd7 7. O-O Nh5 8. Bxc6
Bxc6 9. Ne5 Nxf4 10. exf4 Bd6 11. Nxc6 bxc6 12. Ne2 Qf6 13. c4 Bxf4 14. cxd5
cxd5 15. Qa4+ Ke7 16. Nxf4 Qxf4 17. Rac1 Rhc8 18. g3 Qd6 19. Rc6 Qd7 20. Rfc1
Kd8 21. Qa5 Qe7 22. b4 Rab8 23. a3 Rb6 24. Qxa7 Rxc6 25. Rxc6 Qf6 26. b5 Kd7 27.
Rc1 Qd8 28. b6 Kd6 29. b7 Rb8 30. a4 c6 31. Qc5+ Kd7 32. Qxc6+ Ke7 33. Qc8 1-0